000 00869nam a2200301Ia 4500
001 98053
003 IT-RoPAU
008 130308s9999 xx 000 0 und d
040 _aIT-RoPAU
040 _cIT-RoPAU
041 _aITALIANO
100 _aAA.VV.
100 _gCodice Aut. SPICS: 12000
245 _aElementi di psicologia dell'organizzazione
245 _bElementi di Psicologia dell'Organizzazione
250 _a1a ed.
260 _aBOLOGNA
260 _bClueb
260 _c1978 [1° Ed.:1978 - Ed.Ling.Originale:1978]
300 _a"238 p. (prefazione: no ; testo: 238 [pagine: 0-0])"
500 _aSaggi di SoggettivitĂ  Organizzativa. contributi di Autori Vari. presentazione di Enzo Spaltro.
650 _aSAGGI DI PSICOLOGIA
650 _eCodice materia Spics: 3607
942 _cBK
957 _71
999 _c66598
_d66598
999 _bSI
999 _g1